Freedom and socialism = (Record no. 8092)
[ view plain ]
| 000 -LEADER | |
|---|---|
| fixed length control field | 00877nam a2200265 a 4500 |
| 001 - CONTROL NUMBER | |
| JCCL Control Number | 8092 |
| 003 - CONTROL NUMBER IDENTIFIER | |
| JCCL marc code | Bd-JhCC |
| 005 - DATE AND TIME OF LATEST TRANSACTION | |
| control field | 20180218133815.0 |
| 008 - FIXED-LENGTH DATA ELEMENTS--GENERAL INFORMATION | |
| fixed length control field | 880808s1968 tz ac 001 0 eng d |
| 035 ## - SYSTEM CONTROL NUMBER | |
| system control number | (Bd-JhCC)8092 |
| 040 ## - CATALOGING SOURCE | |
| Original cataloging agency | Bd-JhCC |
| Transcribing agency | DLC |
| Modifying agency | Bd-JhCC |
| 041 ## - LANGUAGE CODE | |
| Language code of Book | eng |
| 082 ## - DEWEY DECIMAL CLASSIFICATION NUMBER | |
| Classification number | 367.8 |
| Author mark and Year | NYE 1968 |
| 100 1# - MAIN ENTRY--PERSONAL NAME | |
| Personal name | Nyerere, Julius K., |
| Dates associated with a name | 1922-1999. |
| 245 10 - TITLE STATEMENT | |
| Title | Freedom and socialism = |
| Remainder of title | Uhuru na ujamaa : a selection from writings and speeches, 1965-1967 / |
| Statement of responsibility, etc | Julius K. Nyerere. |
| 260 ## - PUBLICATION, DISTRIBUTION, ETC. (IMPRINT) | |
| Place of publication, distribution, etc | Dar es Salaam : |
| Name of publisher, distributor, etc | Oxford University Press, |
| Date of publication, distribution, etc | c1968. |
| 300 ## - PHYSICAL DESCRIPTION | |
| Pagination | xvi, 422 p., plates : |
| Other physical details | ill., port ; |
| Dimensions | 23 cm. |
| 504 ## - BIBLIOGRAPHY, ETC. NOTE | |
| Bibliography, etc | Includes Index |
| 650 #0 - SUBJECT ADDED ENTRY--TOPICAL TERM | |
| Topical term or geographic name as entry element | Socialism |
| Geographic subdivision | Tanzania. |
| 651 #0 - SUBJECT ADDED ENTRY--GEOGRAPHIC NAME | |
| Geographic name | Africa |
| General subdivision | Politics and government. |
| 651 #0 - SUBJECT ADDED ENTRY--GEOGRAPHIC NAME | |
| Geographic name | Tanzania |
| General subdivision | Politics and government |
| Chronological subdivision | 1964- |
| 710 1# - ADDED ENTRY--CORPORATE NAME | |
| Corporate name or jurisdiction name as entry element | Tanzania. |
| Subordinate unit | President (1964-1985 : Nyerere) |
| 942 ## - ADDED ENTRY ELEMENTS (KOHA) | |
| Source of classification or shelving scheme | Dewey Decimal Classification |
| Koha item type | Books |
| Source of classification or shelving scheme | Damaged status | Not for loan | Home library | Current library | Shelving location | Date of accession | Total Checkouts | Full call number | Barcode | Date last seen | Copy number | Koha item type |
|---|---|---|---|---|---|---|---|---|---|---|---|---|
| Dewey Decimal Classification | JCC Rouf Library | JCC Rouf Library | General Stacks | 02/18/2018 | 367.8 NYE 1968 | 10451 | 02/18/2018 | C-1 | Books |